000 00804nam a2200241Ia 4500
003 OSt
005 20220923220955.0
006 a|||||r|||| 00| 0
007 ta
008 220922b |||||||| |||| 00| 0 hin d
024 _a193,078
037 _cTextual
040 _aARTS
_cARTS
_bhin
041 _2hin
_ahin
082 _aV2:2v, 152L3(TV)
100 _aअग्रवाल, आर. सी.
245 0 _aभारतीय संविघान का विकास तथा राष्ट्रीय आन्दोलन
246 _aBhāratīya sanvighān kā vikās tathā rāṣhṭrīya āndolana
250 _aसंस्क0 9
260 _c1973
942 _hV2:2v, 152L3(TV)
_cTEXL
_2CC
999 _c345579
_d345579